Системы и методы для морской сейсморазведки углеводородов; Инновационные технологии в машиностроении
| Parent link: | Инновационные технологии в машиностроении.— 2017.— [С.320-322] |
|---|---|
| Autor Principal: | |
| Autor Corporativo: | |
| Summary: | Заглавие с экрана Разведку углеводородов производят не только на суше, но и на морской территории. Основным методом поиска месторождений в водных условиях является сейсморазведка. В статье рассмотрены наиболее эффективные методы и системы поиска месторождений в морской сейсморазведке. Рассмотрена технология проведения морской сейсморазведки. Exploration of hydrocarbons is produced not only on land, but also on the sea territory. The main method of finding fields in water conditions is seismic exploration. The article considers the most effective methods and systems for prospecting fields in marine seismic exploration. The technology of marine seismic prospecting is considered. |
| Idioma: | ruso |
| Publicado: |
2017
|
| Series: | Передовые технологии и техника для разработки недр |
| Subjects: | |
| Acceso en liña: | http://earchive.tpu.ru/handle/11683/38670 |
| Formato: | MixedMaterials Electrónico Capítulo de libro |
| KOHA link: | https://koha.lib.tpu.ru/cgi-bin/koha/opac-detail.pl?biblionumber=622590 |
MARC
| LEADER | 00000naa2a2200000 4500 | ||
|---|---|---|---|
| 001 | 622590 | ||
| 005 | 20231101133223.0 | ||
| 035 | |a (RuTPU)RU\TPU\conf\21359 | ||
| 035 | |a RU\TPU\conf\21358 | ||
| 090 | |a 622590 | ||
| 100 | |a 20170525d2017 k y0rusy50 ca | ||
| 101 | 0 | |a rus |d eng | |
| 102 | |a RU | ||
| 105 | |a y z 101zy | ||
| 135 | |a drgn ---uucaa | ||
| 181 | 0 | |a i | |
| 182 | 0 | |a b | |
| 200 | 1 | |a Системы и методы для морской сейсморазведки углеводородов |f А. В. Лушников | |
| 203 | |a Текст |c электронный | ||
| 225 | 1 | |a Передовые технологии и техника для разработки недр | |
| 230 | |a 1 компьютерный файл (pdf; 125 Kb) | ||
| 300 | |a Заглавие с экрана | ||
| 320 | |a [Библиогр.: с. 322 (5 назв.)] | ||
| 330 | |a Разведку углеводородов производят не только на суше, но и на морской территории. Основным методом поиска месторождений в водных условиях является сейсморазведка. В статье рассмотрены наиболее эффективные методы и системы поиска месторождений в морской сейсморазведке. Рассмотрена технология проведения морской сейсморазведки. | ||
| 330 | |a Exploration of hydrocarbons is produced not only on land, but also on the sea territory. The main method of finding fields in water conditions is seismic exploration. The article considers the most effective methods and systems for prospecting fields in marine seismic exploration. The technology of marine seismic prospecting is considered. | ||
| 463 | 0 | |0 (RuTPU)RU\TPU\conf\21273 |t Инновационные технологии в машиностроении |o сборник трудов VIII Международной научно-практической конференции, 18-20 мая 2017 г., Юрга |f Национальный исследовательский Томский политехнический университет (ТПУ), Юргинский технологический институт (ЮТИ) ; под ред. Д. А. Чинахова |v [С.320-322] |d 2017 | |
| 610 | 1 | |a труды учёных ТПУ | |
| 610 | 1 | |a электронный ресурс | |
| 610 | 1 | |a сейсморазведка | |
| 610 | 1 | |a углеводороды | |
| 610 | 1 | |a нефтегазовые месторождения | |
| 610 | 1 | |a бурение скважин | |
| 610 | 1 | |a поисково-разведочные работы | |
| 700 | 1 | |a Лушников |b А. В. | |
| 712 | 0 | 2 | |a Национальный исследовательский Томский политехнический университет (ТПУ) |c (2009- ) |2 stltpush |3 (RuTPU)RU\TPU\col\15902 |
| 801 | 2 | |a RU |b 63413507 |c 20171228 |g RCR | |
| 856 | 4 | |u http://earchive.tpu.ru/handle/11683/38670 | |
| 942 | |c BK | ||